SAT Vocab 10 - Statistics

General Stats
  • This quiz has been taken 33 times
  • The average score is 8 of 22
Answer Stats
Answer Hint % Correct
Satire (n) an artistic work in which human folly is attacked through wit or sarcasm
73%
Sociology (n) the study of human behavior and social institutions
73%
Spur (v) to urge into action
64%
Spurious (adj) fake or counterfeit
64%
Scrutinize (v) to examine closely
55%
Specious (adj) false but plausible
55%
Sporadic (adj) happening at irregular intervals
55%
Steadfast (adj) firm in purpose, resolution, or faith
55%
Semantics (n) the study of the meanings of words and symbols
45%
Scrupulous (adj) showing strict regard for what one considers right
36%
Sedulous (adj) diligent
36%
Somnolent (adj) sleepy or drowsy
36%
Scanty (adj) barely sufficient
27%
Slander (n) words or charges that are false
27%
Splenetic (adj) irritable; spiteful
27%
Savory (adj) pleasant in taste or smell
18%
Stalwart (adj) strong and brave
18%
Sparse (adj) thinly scattered or distributed
9%
Spartan (adj) sternly disciplined
9%
Spate (n) a sudden, almost overwhelming, outpouring
9%
Stealth (adj) in secret
9%
Spare (adj) economical in use or expenditure; not wasteful
0%
No matching quizzes found
Score Distribution
Percent of People with Each Score
Percentile by Number Answered
Your Score History
You have not taken this quiz